O etnicite slovenskej inteligencie v Maďarsku - relácie medzi stupňom etnickej identity a etnoidentifikačnými kategóriami
Charakteristika slovenskej menšiny v Maďarsku z aspektu rozvoja etnickej identity. Slovenská inteligencia v Maďarsku. Skúmanie miery a stavu etnického povedomia.
Salvato in:
| Autore principale: | |
|---|---|
| Natura: | Capitolo di libro |
| Lingua: | slovacco |
| Soggetti: | |
| Tags: |
Nessun Tag, puoi essere il primo ad aggiungerne!!
|
MARC
| LEADER | 00000naa a2200000 4500 | ||
|---|---|---|---|
| 001 | r040621 | ||
| 005 | 20230929070338.7 | ||
| 041 | 0 | |a slo | |
| 044 | |a SK | ||
| 245 | 1 | 0 | |a O etnicite slovenskej inteligencie v Maďarsku - relácie medzi stupňom etnickej identity a etnoidentifikačnými kategóriami |c Mária Homišinová |
| 520 | |a Charakteristika slovenskej menšiny v Maďarsku z aspektu rozvoja etnickej identity. Slovenská inteligencia v Maďarsku. Skúmanie miery a stavu etnického povedomia. | ||
| 610 | 2 | 0 | |a menšiny národnostné |
| 610 | 2 | 0 | |a Slovensko |
| 610 | 2 | 0 | |a Maďarsko |
| 610 | 2 | 0 | |a inteligencia |
| 610 | 2 | 0 | |a sociológia |
| 610 | 2 | 0 | |a údaje štatistické |
| 610 | 2 | 0 | |a vzdelanie vysokoškolské |
| 100 | 1 | |a Homišinová, Mária | |